<?xml version="1.0" encoding="UTF-8"?><?xml-stylesheet type="text/xsl" href="static/style.xsl"?><OAI-PMH xmlns="http://www.openarchives.org/OAI/2.0/" xmlns:xsi="http://www.w3.org/2001/XMLSchema-instance" xsi:schemaLocation="http://www.openarchives.org/OAI/2.0/ http://www.openarchives.org/OAI/2.0/OAI-PMH.xsd"><responseDate>2026-04-17T04:20:06Z</responseDate><request verb="GetRecord" identifier="oai:www.recercat.cat:2117/427201" metadataPrefix="marc">https://recercat.cat/oai/request</request><GetRecord><record><header><identifier>oai:recercat.cat:2117/427201</identifier><datestamp>2026-01-23T03:56:56Z</datestamp><setSpec>com_2072_1033</setSpec><setSpec>col_2072_452950</setSpec></header><metadata><record xmlns="http://www.loc.gov/MARC21/slim" xmlns:dcterms="http://purl.org/dc/terms/" xmlns:xsi="http://www.w3.org/2001/XMLSchema-instance" xmlns:doc="http://www.lyncode.com/xoai" xsi:schemaLocation="http://www.loc.gov/MARC21/slim http://www.loc.gov/standards/marcxml/schema/MARC21slim.xsd">
   <leader>00925njm 22002777a 4500</leader>
   <datafield ind2=" " ind1=" " tag="042">
      <subfield code="a">dc</subfield>
   </datafield>
   <datafield ind2=" " ind1=" " tag="720">
      <subfield code="a">Sau Valenzuela, Núria</subfield>
      <subfield code="e">author</subfield>
   </datafield>
   <datafield ind2=" " ind1=" " tag="720">
      <subfield code="a">Romero Morales, Enrique Edgar</subfield>
      <subfield code="e">author</subfield>
   </datafield>
   <datafield ind2=" " ind1=" " tag="720">
      <subfield code="a">Van Baelen, H</subfield>
      <subfield code="e">author</subfield>
   </datafield>
   <datafield ind2=" " ind1=" " tag="260">
      <subfield code="c">2024-07-02</subfield>
   </datafield>
   <datafield ind2=" " ind1=" " tag="520">
      <subfield code="a">Investigating the thermo-hydro-mechanical behaviour of deep Ypresian clays (300 to 400 m below ground) is crucial&#xd;
since they are one of Belgium’s potential host rock formations for deep geological disposal of radioactive waste. To this&#xd;
aim, a newly designed and fully instrumented thermal oedometer cell with lateral stress measurement was used to&#xd;
determine the stress state accurately. First, well-preserved core samples were loaded to bring them to the large in situ&#xd;
stresses and reduce the induced matric suction on deep water-undrained sampling. The remaining matric suction was then&#xd;
reduced by soaking with synthetic water of the formation. Next, drained loading and unloading paths were followed to&#xd;
attain different vertical effective stresses at varying overconsolidation ratios (OCRs) before the drained thermal paths&#xd;
(heating and cooling). The results indicated a systematic increase in the horizontal effective stress on heating at constant&#xd;
vertical effective stress. In addition, thermal-induced volume changes in heating/cooling at different OCRs were studied.&#xd;
Test results were finally interpreted within a thermo-mechanical elastoplastic framework.</subfield>
   </datafield>
   <datafield ind2=" " ind1=" " tag="520">
      <subfield code="a">Peer Reviewed</subfield>
   </datafield>
   <datafield ind2=" " ind1=" " tag="520">
      <subfield code="a">Postprint (published version)</subfield>
   </datafield>
   <datafield tag="653" ind2=" " ind1=" ">
      <subfield code="a">Àrees temàtiques de la UPC::Física</subfield>
   </datafield>
   <datafield tag="653" ind2=" " ind1=" ">
      <subfield code="a">Deep clay</subfield>
   </datafield>
   <datafield tag="653" ind2=" " ind1=" ">
      <subfield code="a">Thermo-hydro-mechanical behaviour</subfield>
   </datafield>
   <datafield tag="653" ind2=" " ind1=" ">
      <subfield code="a">Oedometer</subfield>
   </datafield>
   <datafield tag="653" ind2=" " ind1=" ">
      <subfield code="a">Temperature</subfield>
   </datafield>
   <datafield ind2="0" ind1="0" tag="245">
      <subfield code="a">Thermo-hydro-mechanical behaviour of deep Ypresian clays</subfield>
   </datafield>
</record></metadata></record></GetRecord></OAI-PMH>